000 00426nam a22001697a 4500
005 20160526145448.0
008 160526b xxu||||| |||| 00| 0 eng d
020 _a81-203-2354-8
041 _aeng
082 _b5306
100 _aHorngren, Datar & Foster
_91322
245 _aCost Accounting A Managerial Emphasis
260 _aNew Delhi
_bAcademic Faundation
300 _a834
650 _aManagement
_9241
942 _cBK
999 _c1860
_d1859